000 00861nam a2200265 i 4500
001 68293
003 ES-MaACL
005 20250728100151.0
007 t|
008 040616s2003 sp ||||0| spa d
020 _a84-7962-267-9
040 _aM-BN
_bspa
_cM-BN
080 _a811.134.2'276.6:34
100 1 _aHernando Cuadrado, Luis Alberto.
_963101
245 1 3 _aEl lenguaje jurídico /
_cLuis Arberto Hernando Cuadrado.
260 _aMadrid :
_bVerbum,
_c[2003]
300 _a143 p. ;
_c24 cm.
490 1 _aColección Cervantes. Serie Español práctico
504 _aBibliografía: p. 135-137. Indice.
650 1 4 _aDerecho-
_xLenguaje.
_911628
650 1 7 _aLengua española técnica
_2embne
_914199
830 0 _aColección Cervantes. Serie Español práctico
_9183240
852 _aES-MaACL
_jL-28013
_bR.133806
999 _c68293
_d68293